000 00489nam a2200145 a 4500
001 000039503
005 20201002031702.0
008 130704s1880 sp 000 0 spa d
040 _aDO-SdBNP
_bspa
_cBNPHU
082 _axxx
_bxxx
100 1 _aCastelar, Emilio
_d1832-
_965686
245 1 0 _aDiscurso leído en la academia española. :
_bseguido de otros varios discursos del mismo orador /
_cEmilio Castelar.
260 _aMadrid :
_bAngel de San Martin,
_c[1880].
300 _a344 p. ;
_c18 cm.
999 _c38993
_d38993